[Event "36. Copenhagen Open (Politiken Cup)"]
[Site "Elsinore"]
[Date "2014.07.25"]
[Round "6"]
[White "Olsen, Michael Richard W"]
[Black "Pedersen, Carl Aage"]
[Result "1-0"]
[WhiteElo "1990"]
[BlackElo "1769"]
[PlyCount "74"]
[EventDate "2014.07.21"]
[EventType "swiss"]
[EventRounds "10"]
[EventCountry "DEN"]
[Source "ChessBase"]
[SourceDate "2014.08.29"]

1. e4 c5 2. Nf3 d6 3. Bc4 Nc6 4. O-O g6 5. c3 Nf6 6. Qc2 Bg7 7. d4 cxd4 8. cxd4
O-O 9. Nc3 a6 10. Bg5 b5 11. Be2 Bb7 12. Rad1 h6 13. Bh4 Rc8 14. Qb1 b4 15. Nd5
e6 16. Ne3 g5 17. Bg3 Nh5 18. d5 Nxg3 19. hxg3 exd5 20. exd5 Ne5 21. Nxe5 Bxe5
22. Qf5 Qf6 23. Qd7 Rb8 24. b3 Rfd8 25. Qh3 Bc8 26. Bg4 Bxg4 27. Nxg4 Qg6 28.
f4 Bg7 29. f5 Qh7 30. f6 Bf8 31. Ne3 Qg6 32. Qf5 Kh7 33. g4 h5 34. gxh5 Qxf5
35. Nxf5 Re8 36. Rfe1 g4 37. Kf2 Bh6 1-0

[Event "36. Copenhagen Open (Politiken Cup)"]
[Site "Elsinore"]
[Date "2014.07.25"]
[Round "6"]
[White "Olsson, Tomas"]
[Black "Nielsen, Jorgen Lovgren"]
[Result "1/2-1/2"]
[WhiteElo "1872"]
[BlackElo "2135"]
[PlyCount "56"]
[EventDate "2014.07.21"]
[EventType "swiss"]
[EventRounds "10"]
[EventCountry "DEN"]
[Source "ChessBase"]
[SourceDate "2014.08.29"]

1. e4 e5 2. Nf3 Nc6 3. Bc4 Nf6 4. d3 d5 5. exd5 Nxd5 6. O-O Be7 7. Re1 Bg4 8.
h3 Bxf3 9. Qxf3 Nd4 10. Qd1 Qd6 11. c3 Nc6 12. b4 a6 13. a4 O-O 14. Qf3 Nb6 15.
Bb3 Rad8 16. b5 Na5 17. Bc2 Qd5 18. Qxd5 Nxd5 19. Bd2 f6 20. Na3 Bc5 21. Reb1
Bb6 22. Ra2 Nf4 23. Bxf4 exf4 24. Nc4 Nxc4 25. Bb3 Rfe8 26. Bxc4+ Kf8 27. Kf1
Re5 28. Re1 Rde8 1/2-1/2

[Event "36. Copenhagen Open (Politiken Cup)"]
[Site "Elsinore"]
[Date "2014.07.25"]
[Round "6"]
[White "Paulsson, Anders"]
[Black "Merkesvik, Amalie Isabel"]
[Result "1-0"]
[WhiteElo "1788"]
[BlackElo "1497"]
[PlyCount "43"]
[EventDate "2014.07.21"]
[EventType "swiss"]
[EventRounds "10"]
[EventCountry "DEN"]
[Source "ChessBase"]
[SourceDate "2014.08.29"]

1. e4 e5 2. Nf3 Nc6 3. Bc4 Bc5 4. b4 Bxb4 5. c3 Bc5 6. d4 exd4 7. O-O dxc3 8.
Nxc3 h6 9. Bb2 d6 10. Na4 Bg4 11. Bxg7 Rh7 12. Bc3 Qe7 13. Nxc5 dxc5 14. Rb1
Rd8 15. Bd5 Nd4 16. Bxd4 cxd4 17. Rxb7 Rg7 18. Qxd4 f6 19. Qa4+ Kf8 20. Nd4 Bh3
21. g3 Bxf1 22. Ne6+ 1-0

[Event "36. Copenhagen Open (Politiken Cup)"]
[Site "Elsinore"]
[Date "2014.07.25"]
[Round "6"]
[White "Pedersen, Henrik Bolding"]
[Black "Muschik, Benedikt"]
[Result "1/2-1/2"]
[WhiteElo "2134"]
[BlackElo "2353"]
[PlyCount "97"]
[EventDate "2014.07.21"]
[EventType "swiss"]
[EventRounds "10"]
[EventCountry "DEN"]
[Source "ChessBase"]
[SourceDate "2014.08.29"]

1. e4 g6 2. d4 Bg7 3. Nf3 d6 4. Nc3 a6 5. Be2 Nd7 6. O-O e6 7. a4 b6 8. Bg5 Ne7
9. Qd2 h6 10. Be3 Bb7 11. Rfd1 Nf6 12. Bd3 g5 13. Qe2 Nh5 14. e5 Nf4 15. Bxf4
gxf4 16. Be4 d5 17. Bd3 c5 18. Qd2 cxd4 19. Ne2 Nc6 20. Qxf4 Qc7 21. c3 dxc3
22. Nxc3 Nxe5 23. Rac1 Nxf3+ 24. Qxf3 Qe7 25. Qg3 O-O 26. Ne2 Rfc8 27. h4 e5
28. Bf5 Rd8 29. Qb3 Qf6 30. Ng3 d4 31. Rc7 Bd5 32. Qd3 Qxh4 33. Rdc1 Qg5 34.
Bh7+ Kh8 35. Be4 Bxe4 36. Nxe4 Qf5 37. f3 Rdc8 38. Qb3 Rxc7 39. Rxc7 Rf8 40.
Qxb6 Qf4 41. Qxa6 Qe3+ 42. Kh2 Qe1 43. a5 Qh4+ 44. Kg1 Qe1+ 45. Kh2 Kh7 46.
Nf6+ Kh8 47. Ne4 Qh4+ 48. Kg1 Qe1+ 49. Kh2 1/2-1/2

[Event "36. Copenhagen Open (Politiken Cup)"]
[Site "Elsinore"]
[Date "2014.07.25"]
[Round "6"]
[White "Petersen, Tom Petri"]
[Black "Inhoven, Stefan"]
[Result "1-0"]
[WhiteElo "2334"]
[BlackElo "2124"]
[PlyCount "89"]
[EventDate "2014.07.21"]
[EventType "swiss"]
[EventRounds "10"]
[EventCountry "DEN"]
[Source "ChessBase"]
[SourceDate "2014.08.29"]

1. c4 e5 2. Nc3 Nc6 3. g3 f5 4. Bg2 Nf6 5. d3 Bb4 6. Bd2 O-O 7. e3 Re8 8. Nge2
Bf8 9. O-O d6 10. Nd5 e4 11. Bc3 Ng4 12. Nef4 exd3 13. Qxd3 Nce5 14. Qe2 c6 15.
h3 Nf6 16. Nxf6+ Qxf6 17. Rad1 Qf7 18. b3 g5 19. Nh5 g4 20. Nf4 Ng6 21. Qd2 Be6
22. Kh1 Rad8 23. Qd4 Bg7 24. Qxg7+ Qxg7 25. Bxg7 Kxg7 26. Rd4 Nxf4 27. Rxf4
gxh3 28. Bxh3 d5 29. Bxf5 Bxf5 30. Rxf5 dxc4 31. bxc4 Rd2 32. a4 Re4 33. Rc1
Kg6 34. Rf8 Kg7 35. Rf3 Ra2 36. Rd1 Re7 37. Rd4 Rxa4 38. Rg4+ Kh6 39. Rf6+ Kh5
40. Rg8 Rxc4 41. Rf5+ Kh6 42. Rf6+ Kh5 43. f4 Rc5 44. Kg2 h6 45. g4+ 1-0

[Event "36. Copenhagen Open (Politiken Cup)"]
[Site "Elsinore"]
[Date "2014.07.25"]
[Round "6"]
[White "Philipsen, William Horup"]
[Black "Olsarova, Tereza"]
[Result "0-1"]
[WhiteElo "1951"]
[BlackElo "2251"]
[PlyCount "72"]
[EventDate "2014.07.21"]
[EventType "swiss"]
[EventRounds "10"]
[EventCountry "DEN"]
[Source "ChessBase"]
[SourceDate "2014.08.29"]

1. e4 e5 2. d4 exd4 3. Bc4 Nf6 4. Nf3 Nc6 5. O-O Nxe4 6. Nc3 Nxc3 7. bxc3 d5 8.
Bb5 Be7 9. Nxd4 Bd7 10. Re1 O-O 11. Bd3 Bf6 12. Ba3 Re8 13. Qh5 g6 14. Qxd5
Nxd4 15. cxd4 Be6 16. Qxb7 Bxd4 17. Rad1 Qh4 18. g3 Qf6 19. Qg2 Bg4 20. Be2 Bc3
21. Bb2 Qe5 22. Qxa8 Rxa8 23. Bxc3 Qxc3 24. Bxg4 c5 25. Kg2 Kf8 26. Re3 Qxc2
27. Rd7 Re8 28. Ra3 Qc4 29. Raxa7 Re1 30. Kh3 Qf1+ 31. Kh4 Qxf2 32. Kg5 Re5+
33. Kh4 Qxh2+ 34. Bh3 g5+ 35. Kg4 h5+ 36. Kf3 Qe2# 0-1

[Event "36. Copenhagen Open (Politiken Cup)"]
[Site "Elsinore"]
[Date "2014.07.25"]
[Round "6"]
[White "Plata Fernandez, Diego"]
[Black "Carnstam, Tomas"]
[Result "0-1"]
[WhiteElo "1745"]
[BlackElo "2097"]
[PlyCount "106"]
[EventDate "2014.07.21"]
[EventType "swiss"]
[EventRounds "10"]
[EventCountry "DEN"]
[Source "ChessBase"]
[SourceDate "2014.08.29"]

1. a3 c5 2. e4 Nc6 3. Nc3 g6 4. f4 Bg7 5. Bc4 a6 6. a4 e6 7. Nf3 Nge7 8. O-O d5
9. exd5 exd5 10. Be2 O-O 11. Na2 d4 12. Ne1 Nd5 13. c4 Nc7 14. d3 Qd6 15. Bd2
a5 16. Bg4 f5 17. Bf3 Bd7 18. Qb3 b6 19. Qd1 Ra7 20. Nc1 Nb4 21. Nc2 Kh8 22.
Na3 Re8 23. Re1 Rxe1+ 24. Qxe1 Bc6 25. Qf1 Ra8 26. b3 Re8 27. Qf2 Re3 28. Bxb4
cxb4 29. Nc2 Bxf3 30. gxf3 Qxf4 31. Ne2 Qxf3 32. Qxf3 Rxf3 33. Rd1 g5 34. Nexd4
Rf4 35. Ne2 Rg4+ 36. Kf2 Rh4 37. Kg2 Be5 38. h3 g4 39. Rh1 gxh3+ 40. Rxh3 Rg4+
41. Kf3 Ne6 42. Ke3 Bg7 43. Rh5 f4+ 44. Kf3 Rg6 45. Rf5 Bh6 46. Rh5 Nc5 47. Nc1
Rg3+ 48. Ke2 f3+ 49. Kf2 Rg2+ 50. Kxf3 Rxc2 51. Rxh6 Rxc1 52. Ke3 Rc3 53. Rxb6
Rxd3+ 0-1

[Event "36. Copenhagen Open (Politiken Cup)"]
[Site "Elsinore"]
[Date "2014.07.25"]
[Round "6"]
[White "Rasmussen, Allan Stig"]
[Black "Fries Nielsen, Niels Jorgen"]
[Result "1-0"]
[WhiteElo "2522"]
[BlackElo "2297"]
[PlyCount "63"]
[EventDate "2014.07.21"]
[EventType "swiss"]
[EventRounds "10"]
[EventCountry "DEN"]
[Source "ChessBase"]
[SourceDate "2014.08.29"]

1. e4 g6 2. d4 Bg7 3. Nc3 a6 4. h4 h6 5. h5 g5 6. f4 gxf4 7. Bxf4 d6 8. Qd2 Nc6
9. Nf3 Nxd4 10. Nxd4 e5 11. Be3 exd4 12. Bxd4 Bxd4 13. Qxd4 Qf6 14. Qc4 Be6 15.
Qxc7 Rc8 16. Qxd6 Rxc3 17. bxc3 Qxc3+ 18. Kf2 Nf6 19. Bd3 Ng4+ 20. Ke2 Ne5 21.
Rhd1 Nc6 22. Kf1 Rg8 23. Be2 Rg3 24. Qf4 Rg5 25. Rab1 b5 26. Rd3 Qc5 27. Rg3
Rxg3 28. Qxg3 Qxc2 29. Re1 Qb2 30. Rd1 Bxa2 31. Qd6 Qc3 32. Bg4 1-0

[Event "36. Copenhagen Open (Politiken Cup)"]
[Site "Elsinore"]
[Date "2014.07.25"]
[Round "6"]
[White "Rasmussen, Morten(1956)"]
[Black "Bratveit, Kristoffer"]
[Result "1-0"]
[WhiteElo "1861"]
[BlackElo "1724"]
[PlyCount "55"]
[EventDate "2014.07.21"]
[EventType "swiss"]
[EventRounds "10"]
[EventCountry "DEN"]
[Source "ChessBase"]
[SourceDate "2014.08.29"]

1. d4 f5 2. Nf3 Nf6 3. c4 g6 4. b4 Bg7 5. Bb2 O-O 6. g3 d6 7. Bg2 Qe8 8. Qb3
Nc6 9. d5 Nd8 10. O-O e5 11. dxe6 Nxe6 12. e3 Qe7 13. Nc3 c6 14. Rad1 Rd8 15.
Nh4 Ng4 16. Na4 Ne5 17. f4 Ng4 18. Rfe1 Nc7 19. e4 Re8 20. Bxg7 Kxg7 21. Qc3+
Qf6 22. Rxd6 Qxc3 23. Nxc3 a5 24. b5 cxb5 25. cxb5 Nf6 26. e5 Nd7 27. Bxb7 Re6
28. Rxe6 1-0

[Event "36. Copenhagen Open (Politiken Cup)"]
[Site "Elsinore"]
[Date "2014.07.25"]
[Round "6"]
[White "Rasmussen, Morten Fredsgaard"]
[Black "Andersen, Claus"]
[Result "1-0"]
[WhiteElo "1949"]
[BlackElo "1774"]
[PlyCount "59"]
[EventDate "2014.07.21"]
[EventType "swiss"]
[EventRounds "10"]
[EventCountry "DEN"]
[Source "ChessBase"]
[SourceDate "2014.08.29"]

1. f4 d5 2. Nf3 Nf6 3. e3 Bg4 4. h3 Bxf3 5. Qxf3 e6 6. b3 Ne4 7. Bd3 Qh4+ 8. g3
Qxg3+ 9. Qxg3 Nxg3 10. Rg1 Nh5 11. Bb2 Nd7 12. Nc3 O-O-O 13. O-O-O Nhf6 14. Nb5
a6 15. Nd4 g6 16. Nf3 h6 17. Rdf1 Rg8 18. Ne5 Nxe5 19. fxe5 Nd7 20. Rxf7 g5 21.
h4 g4 22. Be2 h5 23. Rh7 g3 24. Bxh5 Bg7 25. Bf7 Bxe5 26. Bxe5 Nxe5 27. Bxe6+
Kb8 28. Bxg8 Rxg8 29. Kd1 Ng4 30. Ke2 1-0

[Event "36. Copenhagen Open (Politiken Cup)"]
[Site "Elsinore"]
[Date "2014.07.25"]
[Round "6"]
[White "Rewitz, Poul"]
[Black "Hector, Jonny"]
[Result "0-1"]
[WhiteElo "2218"]
[BlackElo "2483"]
[PlyCount "66"]
[EventDate "2014.07.21"]
[EventType "swiss"]
[EventRounds "10"]
[EventCountry "DEN"]
[Source "ChessBase"]
[SourceDate "2014.08.29"]

1. d4 d5 2. Bf4 Nf6 3. e3 c5 4. Nf3 Nc6 5. Nc3 c4 6. h3 Bf5 7. Be2 e6 8. O-O
Rc8 9. Nh4 Be4 10. Nxe4 Nxe4 11. Nf3 c3 12. Rb1 g5 13. Bh2 Bg7 14. Qd3 O-O 15.
b4 Qe7 16. a3 f5 17. Rbd1 g4 18. hxg4 fxg4 19. Ne5 Nxe5 20. dxe5 g3 21. Bxg3
Nxg3 22. fxg3 Bxe5 23. e4 d4 24. Bg4 Kg7 25. Rf3 h5 26. Bxh5 Qg5 27. g4 Rxf3
28. gxf3 Qf4 29. Qe2 Rf8 30. Rf1 d3 31. cxd3 Qg3+ 32. Kh1 Qh3+ 33. Kg1 Bd4+ 0-1

[Event "36. Copenhagen Open (Politiken Cup)"]
[Site "Elsinore"]
[Date "2014.07.25"]
[Round "6"]
[White "Riis, Jens"]
[Black "Jacobsen, Fredrik Beer"]
[Result "1-0"]
[WhiteElo "2172"]
[BlackElo "2012"]
[PlyCount "89"]
[EventDate "2014.07.21"]
[EventType "swiss"]
[EventRounds "10"]
[EventCountry "DEN"]
[Source "ChessBase"]
[SourceDate "2014.08.29"]

1. d4 Nf6 2. Nf3 e6 3. Bf4 b6 4. e3 Bb7 5. Bd3 Be7 6. h3 d5 7. Ne5 Nbd7 8. Nd2
Nxe5 9. Bxe5 a6 10. Qf3 c5 11. c3 Bd6 12. Qg3 Nh5 13. Qh2 Bxe5 14. Qxe5 Nf6 15.
g4 h6 16. O-O-O Qb8 17. f4 Qxe5 18. fxe5 Nd7 19. h4 Ke7 20. g5 h5 21. Rdf1 g6
22. Rh2 b5 23. Rhf2 Rh7 24. b4 cxd4 25. exd4 Rc8 26. Kc2 Nb6 27. Nb3 Na4 28.
Nc5 Nxc5 29. bxc5 Bc6 30. Rb1 Rb8 31. a4 Rhh8 32. axb5 axb5 33. Kb3 Ra8 34.
Rbf1 Rh7 35. Rb2 Rhh8 36. Rff2 Ra4 37. Ra2 Rb8 38. Rfb2 b4 39. Rxa4 bxc3+ 40.
Kxc3 Rxb2 41. Ra6 Rh2 42. Rxc6 Rxh4 43. Rd6 Rh1 44. c6 Rc1+ 45. Kb2 1-0

[Event "36. Copenhagen Open (Politiken Cup)"]
[Site "Elsinore"]
[Date "2014.07.25"]
[Round "6"]
[White "Rimer, Jan"]
[Black "Thuesen, Mogens Henrik"]
[Result "1/2-1/2"]
[WhiteElo "2039"]
[BlackElo "2196"]
[PlyCount "90"]
[EventDate "2014.07.21"]
[EventType "swiss"]
[EventRounds "10"]
[EventCountry "DEN"]
[Source "ChessBase"]
[SourceDate "2014.08.29"]

1. d4 Nf6 2. c4 c5 3. d5 e5 4. Nc3 d6 5. e4 Be7 6. Bd3 Nbd7 7. f4 exf4 8. Bxf4
O-O 9. Qe2 Ne8 10. Nf3 Bf6 11. O-O Qe7 12. Rae1 Ne5 13. Nxe5 Bxe5 14. Bxe5 Qxe5
15. Nd1 Nf6 16. Nf2 Re8 17. Qc2 Bd7 18. Re3 a6 19. Rfe1 b5 20. b3 Reb8 21. Kh1
Ng4 22. Nxg4 Bxg4 23. Qf2 Bd7 24. Rf1 Rf8 25. Qf4 Qxf4 26. Rxf4 Rfe8 27. h4 Re5
28. g4 b4 29. g5 a5 30. Ref3 Rf8 31. Bc2 Re7 32. Rf2 Ra8 33. Kg2 Be8 34. Kg3
Re5 35. Rf5 Rxf5 36. exf5 f6 37. Kg4 Bd7 38. Re2 Kf7 39. Kf4 fxg5+ 40. hxg5 Re8
41. Bd1 Rh8 42. Rh2 h6 43. Bh5+ Kf8 44. Re2 hxg5+ 45. Kxg5 Rh6 1/2-1/2

[Event "36. Copenhagen Open (Politiken Cup)"]
[Site "Elsinore"]
[Date "2014.07.25"]
[Round "6"]
[White "Risting, Eivind Olav"]
[Black "Haubro, Martin"]
[Result "0-1"]
[WhiteElo "1875"]
[BlackElo "2224"]
[PlyCount "82"]
[EventDate "2014.07.21"]
[EventType "swiss"]
[EventRounds "10"]
[EventCountry "DEN"]
[Source "ChessBase"]
[SourceDate "2014.08.29"]

1. d4 Nf6 2. Bg5 c5 3. Nc3 cxd4 4. Qxd4 Nc6 5. Qh4 d6 6. O-O-O Be6 7. e4 Qa5 8.
a3 h6 9. Bxf6 gxf6 10. f4 f5 11. exf5 Qxf5 12. Bd3 Qa5 13. g4 Bg7 14. Nge2
O-O-O 15. Bb5 Bf6 16. Qh5 a6 17. Bxc6 Qxh5 18. Bxb7+ Kxb7 19. gxh5 Bg4 20. Rd3
Rc8 21. Ng3 Bxc3 22. Rxc3 Rxc3 23. bxc3 Rc8 24. Re1 e6 25. Ne4 Rc6 26. Nf6 Bf5
27. Kd2 Rc4 28. Rf1 Kc6 29. Ng8 Bg4 30. Nxh6 Bxh5 31. Ng8 Rc5 32. f5 Re5 33.
Rf2 exf5 34. h4 Re4 35. Rxf5 Rxh4 36. Nf6 Rh2+ 37. Kc1 Bg6 38. Rf3 Rxc2+ 39.
Kd1 Ra2 40. c4 Kc5 41. Ne8 Bh5 0-1

[Event "36. Copenhagen Open (Politiken Cup)"]
[Site "Elsinore"]
[Date "2014.07.25"]
[Round "6"]
[White "Robertsen, Bjorn"]
[Black "Jensen, Michael Agermose"]
[Result "0-1"]
[WhiteElo "1594"]
[BlackElo "2011"]
[PlyCount "56"]
[EventDate "2014.07.21"]
[EventType "swiss"]
[EventRounds "10"]
[EventCountry "DEN"]
[Source "ChessBase"]
[SourceDate "2014.08.29"]

1. e4 c5 2. Nf3 d6 3. d4 cxd4 4. Nxd4 Nf6 5. Nc3 g6 6. Be3 Bg7 7. f3 Nc6 8. Qd2
O-O 9. Bc4 Bd7 10. O-O-O Rb8 11. g4 b5 12. Bb3 Ne5 13. h4 Nc4 14. Bxc4 bxc4 15.
h5 Qa5 16. hxg6 fxg6 17. Bh6 Qb4 18. Qh2 Qxb2+ 19. Kd2 Nxe4+ 20. fxe4 Bxd4 21.
Ne2 Qb4+ 22. c3 Qb2+ 23. Ke1 Bxc3+ 24. Nxc3 Qxc3+ 25. Bd2 Qg7 26. Bh6 Qc3+ 27.
Bd2 Qh8 28. Ke2 Bxg4+ 0-1

[Event "36. Copenhagen Open (Politiken Cup)"]
[Site "Elsinore"]
[Date "2014.07.25"]
[Round "6"]
[White "Rogers, Timothy"]
[Black "Andersen, Guttorm"]
[Result "1/2-1/2"]
[WhiteElo "2011"]
[BlackElo "1845"]
[PlyCount "103"]
[EventDate "2014.07.21"]
[EventType "swiss"]
[EventRounds "10"]
[EventCountry "DEN"]
[Source "ChessBase"]
[SourceDate "2014.08.29"]

1. e4 e5 2. Nf3 Nf6 3. Nxe5 d6 4. Nf3 Nxe4 5. Nc3 Nxc3 6. dxc3 Be7 7. Bd3 O-O
8. Be3 Bg4 9. a3 Bh5 10. g4 Bg6 11. h4 Nc6 12. Bxg6 fxg6 13. Qe2 Qd7 14. Rg1
Qe6 15. b3 Bf6 16. Nd4 Nxd4 17. cxd4 Rae8 18. O-O-O Bxh4 19. Qd2 a5 20. Rde1 a4
21. g5 axb3 22. cxb3 Rf3 23. d5 Qf5 24. Qd4 Re4 25. Qa7 Qxd5 26. Qb8+ Rf8 27.
Qxc7 Bxf2 28. Bxf2 Rxf2 29. Qc8+ Rf8 30. Qc3 Rxe1+ 31. Qxe1 Rc8+ 32. Kb1 Qf5+
33. Ka1 Qe5+ 34. Qxe5 dxe5 35. Rd1 Rc7 36. Kb2 e4 37. Rd5 Re7 38. Kc2 e3 39.
Kd1 e2+ 40. Ke1 Kf7 41. Rb5 Ke8 42. Rb4 Kd8 43. Rh4 h5 44. gxh6 gxh6 45. Rxh6
Re6 46. Rh7 Kc8 47. Rg7 Kb8 48. a4 Ka7 49. a5 Ka6 50. b4 b6 51. axb6 Kxb6 52.
Rd7 1/2-1/2

[Event "36. Copenhagen Open (Politiken Cup)"]
[Site "Elsinore"]
[Date "2014.07.25"]
[Round "6"]
[White "Rorvik, Jon Fredrik"]
[Black "Abrahamyan, Tatev"]
[Result "0-1"]
[WhiteElo "2151"]
[BlackElo "2366"]
[PlyCount "92"]
[EventDate "2014.07.21"]
[EventType "swiss"]
[EventRounds "10"]
[EventCountry "DEN"]
[Source "ChessBase"]
[SourceDate "2014.08.29"]

1. c4 c5 2. Nc3 Nc6 3. g3 g6 4. Bg2 Bg7 5. e4 e5 6. Nge2 Nge7 7. d3 d6 8. O-O
O-O 9. h3 Be6 10. Rb1 Qd7 11. Kh2 f5 12. f4 Nd4 13. Nd5 Nec6 14. Be3 Nxe2 15.
Qxe2 fxe4 16. dxe4 Rab8 17. b3 exf4 18. Nxf4 Kh8 19. Rbd1 Nd4 20. Qd2 a6 21.
Ne2 Rxf1 22. Rxf1 Nxe2 23. Qxe2 b5 24. cxb5 axb5 25. Rd1 Qe7 26. Bf4 Bd4 27. h4
Rf8 28. Qd2 Kg8 29. Rf1 Be5 30. Bxe5 dxe5 31. Rxf8+ Kxf8 32. Bh3 Bxh3 33. Kxh3
c4 34. bxc4 bxc4 35. Qd5 Qc7 36. Qd2 c3 37. Qc2 Qd7+ 38. g4 h5 39. Qxc3 Qxg4+
40. Kh2 Qxh4+ 41. Kg1 Qxe4 42. Qb3 Qg4+ 43. Kh1 e4 44. a4 Qh4+ 45. Kg2 Qg5+ 46.
Kf1 Qf4+ 0-1

[Event "36. Copenhagen Open (Politiken Cup)"]
[Site "Elsinore"]
[Date "2014.07.25"]
[Round "6"]
[White "Rose, Dennis Lauge"]
[Black "Christensen, Casper"]
[Result "0-1"]
[WhiteElo "1839"]
[BlackElo "2004"]
[PlyCount "62"]
[EventDate "2014.07.21"]
[EventType "swiss"]
[EventRounds "10"]
[EventCountry "DEN"]
[Source "ChessBase"]
[SourceDate "2014.08.29"]

1. f4 c5 2. Nf3 d5 3. e3 Nf6 4. d4 e6 5. c3 Nc6 6. Bd3 c4 7. Bc2 b5 8. Nbd2 Be7
9. e4 dxe4 10. Nxe4 Nd5 11. O-O Bb7 12. Ne5 Nf6 13. Nxf6+ gxf6 14. Nxf7 Kxf7
15. Qh5+ Kg8 16. Rf3 Bf8 17. Rg3+ Bg7 18. Qxb5 Qb6 19. Qxc4 Ne7 20. b3 Ba6 21.
Qa4 Bb5 22. Qa3 Nd5 23. Bd2 Kf7 24. Qb2 Bh6 25. Rf3 f5 26. c4 Bxc4 27. Rb1 Ba6
28. Be3 Nxe3 29. Rxe3 Bxf4 30. Rf3 Be5 31. Rd1 Be2 0-1

[Event "36. Copenhagen Open (Politiken Cup)"]
[Site "Elsinore"]
[Date "2014.07.25"]
[Round "6"]
[White "Rosenkilde, Alexander"]
[Black "Stray, Gunnar"]
[Result "1/2-1/2"]
[WhiteElo "2255"]
[BlackElo "2053"]
[PlyCount "135"]
[EventDate "2014.07.21"]
[EventType "swiss"]
[EventRounds "10"]
[EventCountry "DEN"]
[Source "ChessBase"]
[SourceDate "2014.08.29"]

1. Nf3 Nf6 2. d4 d5 3. c4 c6 4. e3 g6 5. Nc3 Bg7 6. Be2 O-O 7. O-O Bg4 8. cxd5
cxd5 9. Qb3 b6 10. h3 Bc8 11. Ne5 Bb7 12. Bd2 Nc6 13. Nxc6 Bxc6 14. Rfc1 Qd7
15. a4 Ne4 16. Be1 Rfc8 17. a5 Rab8 18. Ba6 Rd8 19. axb6 Rxb6 20. Qa2 Nf6 21.
Bd3 Rdb8 22. Qxa7 R8b7 23. Qa5 Rxb2 24. Qc5 R2b6 25. Ra8+ Rb8 26. Qxb6 Rxa8 27.
Ne2 Ba4 28. Bb4 Ne8 29. Nf4 Bf6 30. Qc5 Bb3 31. Bb5 Qd8 32. Bxe8 Qxe8 33. Nxd5
Bxd5 34. Qxd5 e6 35. Qf3 Kg7 36. g3 h5 37. Rc7 Rb8 38. Bd6 Rc8 39. Ra7 Rc1+ 40.
Kg2 Qc6 41. Qxc6 Rxc6 42. Bc5 Rc8 43. Kf3 g5 44. Ra3 Kg6 45. Rd3 Bg7 46. Ba3
Rd8 47. Rb3 Rd5 48. Rb8 Rd7 49. Rb5 Bf6 50. Bc5 Bg7 51. Ke4 f5+ 52. Kd3 g4 53.
h4 Bf6 54. Rb6 Kf7 55. e4 fxe4+ 56. Kxe4 Rd5 57. Rd6 Rf5 58. Ke3 Rf3+ 59. Ke2
Rf5 60. Rd7+ Kg6 61. Be7 Bg7 62. Bg5 Rd5 63. Re7 e5 64. dxe5 Rxe5+ 65. Rxe5
Bxe5 66. Bf4 Bd4 67. Be3 Be5 68. Kd3 1/2-1/2

[Event "36. Copenhagen Open (Politiken Cup)"]
[Site "Elsinore"]
[Date "2014.07.25"]
[Round "6"]
[White "Rossen, Claus"]
[Black "Haugli, Petter"]
[Result "0-1"]
[WhiteElo "2123"]
[BlackElo "2286"]
[PlyCount "48"]
[EventDate "2014.07.21"]
[EventType "swiss"]
[EventRounds "10"]
[EventCountry "DEN"]
[Source "ChessBase"]
[SourceDate "2014.08.29"]

1. d4 Nf6 2. c4 g6 3. Nc3 Bg7 4. e4 d6 5. f3 O-O 6. Be3 Nc6 7. Qd2 a6 8. Nge2
Rb8 9. Rc1 Nd7 10. Bh6 Bxh6 11. Qxh6 e5 12. d5 Nd4 13. h4 c5 14. Rh3 b5 15. h5
Nf6 16. g4 bxc4 17. hxg6 fxg6 18. g5 Nh5 19. Rxh5 Nxf3+ 20. Kd1 gxh5 21. g6 Rb7
22. Ng3 hxg6 23. Rc2 Qg5 24. Qxg5 Nxg5 0-1

[Event "36. Copenhagen Open (Politiken Cup)"]
[Site "Elsinore"]
[Date "2014.07.25"]
[Round "6"]
[White "Royset, Pal"]
[Black "Frisk, Hans"]
[Result "1-0"]
[WhiteElo "2208"]
[BlackElo "2042"]
[PlyCount "87"]
[EventDate "2014.07.21"]
[EventType "swiss"]
[EventRounds "10"]
[EventCountry "DEN"]
[Source "ChessBase"]
[SourceDate "2014.08.29"]

1. e4 e5 2. Bc4 Nf6 3. d3 c6 4. Nf3 d5 5. Bb3 Bd6 6. O-O dxe4 7. dxe4 O-O 8.
Nbd2 Qe7 9. Re1 Nbd7 10. Nh4 Nc5 11. Qf3 Nxb3 12. axb3 Bg4 13. Qg3 Qe6 14. h3
Bh5 15. Nc4 Bc7 16. f3 b5 17. Ne3 Bb6 18. Kh2 Bxe3 19. Bxe3 Bg6 20. Bxa7 Nh5
21. Qf2 Nf4 22. Be3 h6 23. Qd2 Rad8 24. Qc3 Bh7 25. Ra6 g5 26. Rxc6 Rc8 27.
Rxe6 Rxc3 28. Rxe5 Rxe3 29. Rxe3 gxh4 30. g3 hxg3+ 31. Kxg3 Ne6 32. Rxb5 f5 33.
Rxf5 Bxf5 34. exf5 Nd4 35. Kf4 Nxc2 36. Rd3 Nb4 37. Rd6 Kg7 38. Ke5 Re8+ 39.
Re6 Nd3+ 40. Kd6 Rxe6+ 41. fxe6 Kf6 42. f4 h5 43. h4 Nxb2 44. e7 1-0

[Event "36. Copenhagen Open (Politiken Cup)"]
[Site "Elsinore"]
[Date "2014.07.25"]
[Round "6"]
[White "Rydstrom, Tom"]
[Black "Thaler, Toni"]
[Result "1/2-1/2"]
[WhiteElo "2234"]
[BlackElo "2081"]
[PlyCount "145"]
[EventDate "2014.07.21"]
[EventType "swiss"]
[EventRounds "10"]
[EventCountry "DEN"]
[Source "ChessBase"]
[SourceDate "2014.08.29"]

1. e4 c5 2. Nf3 Nc6 3. d4 cxd4 4. Nxd4 Nf6 5. Nc3 e5 6. Ndb5 d6 7. Bg5 a6 8.
Na3 Be6 9. Nc4 Rc8 10. Bxf6 gxf6 11. Nd5 Bxd5 12. Qxd5 Nb4 13. Qd2 d5 14. exd5
Qxd5 15. Qxd5 Nxd5 16. O-O-O Nb4 17. c3 Nc6 18. Nb6 Rd8 19. Rxd8+ Nxd8 20. Bc4
Rg8 21. g3 Rg6 22. Nd5 f5 23. Re1 Nc6 24. Kc2 Bc5 25. Re2 Rd6 26. b4 Ba7 27. a4
f6 28. b5 Ne7 29. Ne3 Bxe3 30. fxe3 a5 31. e4 fxe4 32. Rxe4 Ng6 33. h4 Ne7 34.
g4 h6 35. Bb3 Ng6 36. h5 Nf8 37. Bg8 Ne6 38. Rc4 Kd7 39. Bh7 Ng7 40. Bf5+ Nxf5
41. gxf5 Rd5 42. b6 e4 43. Rxe4 Rxf5 44. Rc4 Kd6 45. Rc7 Rxh5 46. Rxb7 Kc6 47.
Rf7 Kxb6 48. Rxf6+ Kb7 49. Rf4 Kc6 50. Kb3 Kd5 51. Rf6 Ke5 52. Rb6 Ke4 53. Kc4
Ke3 54. Rb5 Rg5 55. Rb6 Rh5 56. Rb5 Rg5 57. Rb6 Rh5 58. Rd6 Ke4 59. Re6+ Kf5
60. Re8 Kf4 61. Kd4 Rh1 62. Ra8 Rd1+ 63. Kc4 h5 64. Rxa5 h4 65. Rh5 Kg4 66. Rh8
h3 67. a5 Ra1 68. Kb5 Rb1+ 69. Kc5 Ra1 70. Kb5 Rb1+ 71. Kc4 Ra1 72. Kb4 Rb1+
73. Kc5 1/2-1/2

[Event "36. Copenhagen Open (Politiken Cup)"]
[Site "Elsinore"]
[Date "2014.07.25"]
[Round "6"]
[White "Sajjadi, Kimiya"]
[Black "Mottonen, Ari"]
[Result "0-1"]
[WhiteElo "1531"]
[BlackElo "2000"]
[PlyCount "68"]
[EventDate "2014.07.21"]
[EventType "swiss"]
[EventRounds "10"]
[EventCountry "DEN"]
[Source "ChessBase"]
[SourceDate "2014.08.29"]

1. d4 Nf6 2. c4 c5 3. d5 b5 4. cxb5 a6 5. bxa6 Bxa6 6. e3 Bxf1 7. Kxf1 d6 8. g3
g6 9. b3 Bg7 10. Bb2 O-O 11. Ne2 e5 12. Nec3 h5 13. Nd2 Ng4 14. h3 Nh6 15. Kg2
f5 16. Ne2 Nd7 17. f4 h4 18. Nc4 Nf7 19. g4 exf4 20. Bxg7 f3+ 21. Kxf3 fxg4+
22. Kg2 gxh3+ 23. Rxh3 Kxg7 24. Nf4 Ng5 25. Qg4 Rxf4 26. exf4 Nxh3 27. Kxh3 Nf6
28. Qxh4 Qd7+ 29. Kg2 Rh8 30. Qg3 Qf5 31. Ne3 Qe4+ 32. Kf2 Nxd5 33. Re1 Nxf4
34. Nc4 Nd3+ 0-1